<?xml version="1.0" encoding="UTF-8"?><?xml-stylesheet type="text/xsl" href="static/style.xsl"?><OAI-PMH xmlns="http://www.openarchives.org/OAI/2.0/" xmlns:xsi="http://www.w3.org/2001/XMLSchema-instance" xsi:schemaLocation="http://www.openarchives.org/OAI/2.0/ http://www.openarchives.org/OAI/2.0/OAI-PMH.xsd"><responseDate>2026-06-01T19:52:13Z</responseDate><request verb="GetRecord" identifier="oai:riuma.uma.es:10630/29103" metadataPrefix="marc">https://riuma.uma.es/rest/oai/request</request><GetRecord><record><header><identifier>oai:riuma.uma.es:10630/29103</identifier><datestamp>2026-02-03T10:50:38Z</datestamp><setSpec>com_10630_2254</setSpec><setSpec>col_10630_37953</setSpec></header><metadata><record xmlns="http://www.loc.gov/MARC21/slim" xmlns:dcterms="http://purl.org/dc/terms/" xmlns:doc="http://www.lyncode.com/xoai" xmlns:xsi="http://www.w3.org/2001/XMLSchema-instance" xsi:schemaLocation="http://www.loc.gov/MARC21/slim http://www.loc.gov/standards/marcxml/schema/MARC21slim.xsd">
   <leader>00925njm 22002777a 4500</leader>
   <datafield ind2=" " ind1=" " tag="042">
      <subfield code="a">dc</subfield>
   </datafield>
   <datafield ind2=" " ind1=" " tag="720">
      <subfield code="a">Rodríguez-Infante, Gemma</subfield>
      <subfield code="e">author</subfield>
   </datafield>
   <datafield ind2=" " ind1=" " tag="720">
      <subfield code="a">Romero-Pérez, Juan Francisco</subfield>
      <subfield code="e">author</subfield>
   </datafield>
   <datafield ind2=" " ind1=" " tag="720">
      <subfield code="a">Luque-Parra, Diego Jesús</subfield>
      <subfield code="e">author</subfield>
   </datafield>
   <datafield ind2=" " ind1=" " tag="720">
      <subfield code="a">Lavigne-Cerván, Rocío</subfield>
      <subfield code="e">author</subfield>
   </datafield>
   <datafield ind2=" " ind1=" " tag="260">
      <subfield code="c">2002</subfield>
   </datafield>
   <datafield ind2=" " ind1=" " tag="520">
      <subfield code="a">Se presenta un estudio descriptivo realizado sobre una muestra de alumnos&#xd;
inmigrantes, en su mayoría de origen magrebí, de segundo y tercer ciclo de Educación&#xd;
Primaria de colegios públicos de Algeciras, comparándolos con un grupo de alumnos&#xd;
no inmigrantes de edades similares y escolarizados en esos mismos centros. Se partió&#xd;
de la idea de que aspectos sociales y académicos del grupo de alumnos inmigrantes pueden verse seriamente afectados debido a todo lo que conlleva la inmigración (cambio&#xd;
cultural, social, lingüístico...), y que pueden encontrarse en la base de los problemas de&#xd;
aprendizaje y el fracaso escolar que presentan los alumnos. Para comprobarlo se evaluaron variables tanto del rendimiento académico como de la adaptación escolar y se&#xd;
analizaron las diferencias entre ambos grupos. Los resultados mostraron que los alumnos inmigrantes presentan niveles más bajos de inadaptación escolar y de rendimiento&#xd;
académico que sus compañeros no inmigrantes.</subfield>
   </datafield>
   <datafield ind1="8" ind2=" " tag="024">
      <subfield code="a">https://journals.copmadrid.org/psed/art/0ebcc77dc72360d0eb8e9504c78d38bd</subfield>
   </datafield>
   <datafield ind1="8" ind2=" " tag="024">
      <subfield code="a">https://hdl.handle.net/10630/29103</subfield>
   </datafield>
   <datafield tag="653" ind2=" " ind1=" ">
      <subfield code="a">Hijos de inmigrantes - Educación</subfield>
   </datafield>
   <datafield ind2="0" ind1="0" tag="245">
      <subfield code="a">Integración escolar y rendimiento académico de una muestra de alumnos inmigrantes de Algeciras.</subfield>
   </datafield>
</record>
</metadata></record></GetRecord></OAI-PMH>